00540 2200217 4500001002100000005001500021035002000036007000300056008004100059020001500100082001100115084001700126100001100143245006400154250001000218260003100228300002700259650001000286990001300296990001300309INLIS00000000000414220190927015950 a0010-0919000072ta190927 g 1 ind  a9797817148 a297.72 a297.72 RUM r0 aRumadi1 aRenungan Santri :bDari jihad hingga wacana agama /cRumadi acet.2 aJAKARTA :bErlangga,c2007 aix, 286hlm ;c13x 19cm 4aJihad a1072880a a1072.880